[Event "V C.to Italiano U20"]
[Site "Laveno-Mombello ITA"]
[Date "1997.07.22"]
[Round "4"]
[White "Pagnoncelli, Marco"]
[Black "Riccio, Eros"]
[Result "1-0"]
[WhiteElo "2090"]
[BlackElo "1735"]
[PlyCount "89"]
[EventDate "1997.07.19"]

1. e4 e5 2. Nf3 Nc6 3. Bb5 a6 4. Bxc6 dxc6 5. d4 exd4 6. Qxd4 Qxd4 7. Nxd4 Bd7
8. Be3 Nf6 9. f3 O-O-O 10. Nd2 c5 11. Ne2 Ne8 12. O-O b6 13. Rfd1 f6 14. a4 a5
15. b3 Be6 16. Rac1 Nd6 17. c4 Bf7 18. Nc3 c6 19. Nf1 Nb7 20. Rxd8+ Nxd8 21.
Ng3 g6 22. Rd1 Ne6 23. Nge2 Be7 24. Kf1 Rd8 25. Rxd8+ Bxd8 26. Ke1 Bc7 27. f4
Kd7 28. g3 Ng7 29. g4 g5 30. h3 gxf4 31. Bxf4 Bxf4 32. Nxf4 h5 33. gxh5 Nxh5
34. Nxh5 Bxh5 35. Kd2 Ke6 36. Ke3 Ke5 37. Nb1 Bd1 38. Nd2 f5 39. Nf3+ Kf6 40.
Nd2 Bc2 41. Kf4 fxe4 42. Nxe4+ Kg6 43. Nd2 Kh5 44. Ke5 Bd3 45. Kd6 1-0

[Event "V C.to Italiano U20"]
[Site "Laveno-Mombello ITA"]
[Date "1997.07.22"]
[Round "4"]
[White "Pavanello, Diego"]
[Black "Punteri, Marco"]
[Result "0-1"]
[WhiteElo "1600"]
[BlackElo "1798"]
[PlyCount "74"]
[EventDate "1997.07.19"]

1. e4 g6 2. d4 Bg7 3. c4 c5 4. Nf3 d6 5. Nc3 Nf6 6. Be2 O-O 7. O-O cxd4 8. Nxd4
Nc6 9. Be3 Bd7 10. Rc1 Rc8 11. f3 Ne5 12. Nd5 Re8 13. Qd2 a6 14. Kh1 e6 15.
Nxf6+ Bxf6 16. Qb4 d5 17. cxd5 exd5 18. Qxb7 dxe4 19. fxe4 Rb8 20. Qxa6 Rb6 21.
Qa3 Qb8 22. b3 Bg4 23. Bxg4 Nxg4 24. Bf4 Qb7 25. Nf3 Ra6 26. Qc5 Rxa2 27. h3
Qxe4 28. Bh2 Ne3 29. Rg1 Nxg2 30. Rxg2 Qxf3 31. Rcg1 Rxg2 32. Rxg2 Re1+ 33. Bg1
Qxh3+ 34. Rh2 Qf3+ 35. Rg2 Be5 36. Qc8+ Kg7 37. Qh3 Qxh3+ 0-1

[Event "V C.to Italiano U20"]
[Site "Laveno-Mombello ITA"]
[Date "1997.07.22"]
[Round "4"]
[White "Tomba, Ivan"]
[Black "Coratella, Giuseppe"]
[Result "0-1"]
[WhiteElo "1705"]
[BlackElo "1726"]
[PlyCount "106"]
[EventDate "1997.07.19"]

1. e4 e6 2. d4 d5 3. e5 c5 4. c3 Nc6 5. Nf3 Qb6 6. a3 Bd7 7. b4 cxd4 8. cxd4
Rc8 9. Bb2 Na5 10. Nc3 Nc4 11. Na4 Qa6 12. Bxc4 dxc4 13. Nc5 Bxc5 14. dxc5 Ne7
15. O-O Nd5 16. Qd4 b6 17. Nd2 Bb5 18. a4 Bxa4 19. Nxc4 O-O 20. Nd6 b5 21. Nxc8
Rxc8 22. Ra3 Rd8 23. Rd3 Rd7 24. Rc1 Qc6 25. Qe4 h6 26. Rd4 Bb3 27. Rc3 Bc4 28.
Rg3 Qa6 29. Qg4 g6 30. Ra3 Qc6 31. Qf3 Qc7 32. Ra6 Qxe5 33. Qe4 Qxe4 34. Rxe4
Nxb4 35. Rd6 Rxd6 36. cxd6 Kf8 37. Bd4 Nc6 38. Bc5 Ke8 39. f4 Kd7 40. Kf2 a5
41. g3 Bd5 42. Re2 Nd8 43. Rb2 Kc6 44. Rc2 Bc4 45. Ba3 Nb7 46. Ke3 Nxd6 47. Kd4
b4 48. Bc1 Kb5 49. g4 a4 50. f5 Bd5 51. Rc5+ Kb6 52. fxg6 fxg6 53. Bf4 Nb5+ 0-1

[Event "V C.to Italiano U20"]
[Site "Laveno-Mombello ITA"]
[Date "1997.07.22"]
[Round "4"]
[White "Trentini, Danilo"]
[Black "Bottino, Alexiei"]
[Result "1/2-1/2"]
[WhiteElo "1831"]
[BlackElo "1714"]
[PlyCount "68"]
[EventDate "1997.07.19"]

1. d4 Nf6 2. Nf3 d6 3. c4 Nbd7 4. Nc3 e5 5. e4 Be7 6. Be2 c6 7. O-O O-O 8. h3
Re8 9. d5 Qc7 10. Be3 Nf8 11. Kh2 Ng6 12. g3 Qd7 13. Ng1 h6 14. Bf3 Nh7 15. Bg4
Qd8 16. h4 Bxg4 17. Qxg4 Nf6 18. Qh3 Qc8 19. Qxc8 Rexc8 20. f3 c5 21. Nge2 Nf8
22. g4 N6d7 23. Ng3 a6 24. Nf5 Re8 25. Ne2 Nh7 26. Nxe7+ Rxe7 27. Ng3 Nb6 28.
b3 Nc8 29. g5 hxg5 30. hxg5 Nf8 31. Rh1 Ng6 32. Nf5 Rd7 33. Kg3 Nce7 34. Rh2
Nf8 1/2-1/2

[Event "V C.to Italiano U20"]
[Site "Laveno-Mombello ITA"]
[Date "1997.07.23"]
[Round "5"]
[White "Aldrovandi, Costantino"]
[Black "Genocchio, Daniele"]
[Result "1-0"]
[WhiteElo "2250"]
[BlackElo "2215"]
[PlyCount "57"]
[EventDate "1997.07.19"]

1. d4 f5 2. Nf3 Nf6 3. Bg5 Ne4 4. Bf4 c5 5. e3 Qb6 6. Qc1 d6 7. Na3 Nc6 8. d5
Nb4 9. Bc4 e5 10. dxe6 d5 11. Bb5+ Nc6 12. O-O Bxe6 13. c4 Be7 14. cxd5 Bxd5
15. Bc4 O-O-O 16. Nb5 Rd7 17. Bxd5 Rxd5 18. Qc4 Rd7 19. Rad1 Rhd8 20. Rxd7 Rxd7
21. h4 g6 22. b3 Na5 23. Qg8+ Bd8 24. Na3 Qf6 25. Nb5 Qb6 26. Na3 Qf6 27. Ne5
Re7 28. Rd1 Rc7 29. Nb5 1-0

[Event "V C.to Italiano U20"]
[Site "Laveno-Mombello ITA"]
[Date "1997.07.23"]
[Round "5"]
[White "Coratella, Giuseppe"]
[Black "Aranovitch, Emiliano"]
[Result "0-1"]
[WhiteElo "1726"]
[BlackElo "2120"]
[PlyCount "66"]
[EventDate "1997.07.19"]

1. e4 g6 2. d4 Bg7 3. Nf3 d6 4. Bc4 Nf6 5. Qe2 c6 6. Bb3 O-O 7. Nc3 Nh5 8. e5
Bg4 9. h3 Bxf3 10. gxf3 dxe5 11. dxe5 Qd4 12. e6 f5 13. Be3 Qd8 14. f4 Na6 15.
O-O Qc7 16. Qc4 b5 17. Qe2 Nxf4 18. Qf3 Nh5 19. Rad1 Rad8 20. a4 b4 21. Bc4
bxc3 22. Bxa6 cxb2 23. Bg5 Kh8 24. c3 Rxd1 25. Rxd1 Rb8 26. Rb1 h6 27. Bd2 Qb6
28. Bc4 Qc5 29. Qd3 Kh7 30. Be3 Qa5 31. Qd7 Qxc3 32. Qxa7 Rf8 33. Qa6 f4 0-1

[Event "V C.to Italiano U20"]
[Site "Laveno-Mombello ITA"]
[Date "1997.07.23"]
[Round "5"]
[White "Delfino, Luigi"]
[Black "Ferreri, Giuseppe"]
[Result "1-0"]
[WhiteElo "1717"]
[BlackElo "1600"]
[PlyCount "55"]
[EventDate "1997.07.19"]

1. e4 d6 2. d4 e5 3. dxe5 dxe5 4. Qxd8+ Kxd8 5. Bc4 f6 6. Be3 c6 7. Nc3 Kc7 8.
O-O-O b6 9. Nge2 Nd7 10. Rd2 Bc5 11. Bxc5 Nxc5 12. b4 Ne6 13. b5 Ne7 14. Rhd1
c5 15. Nd5+ Nxd5 16. Bxd5 Rb8 17. Bc6 Rd8 18. Nc3 Rd4 19. Nd5+ Kd6 20. c3 Rxd2
21. Rxd2 Ng5 22. Nxb6+ Ke7 23. Nxc8+ Rxc8 24. Rd7+ Kf8 25. Rxa7 Nf7 26. b6 Nd8
27. b7 Rb8 28. Bd5 1-0

[Event "V C.to Italiano U20"]
[Site "Laveno-Mombello ITA"]
[Date "1997.07.23"]
[Round "5"]
[White "Drabke, Lorenz Maximilian"]
[Black "Tomba, Ivan"]
[Result "1/2-1/2"]
[WhiteElo "1681"]
[BlackElo "1705"]
[PlyCount "49"]
[EventDate "1997.07.19"]

1. e4 c5 2. Nf3 d6 3. d4 cxd4 4. Nxd4 Nf6 5. Nc3 a6 6. Be2 e5 7. Nb3 Be7 8. O-O
O-O 9. Be3 Be6 10. Bf3 Nbd7 11. Qd2 Nb6 12. Na5 Qc7 13. Rfd1 Rfd8 14. Rac1 d5
15. Bxb6 Qxb6 16. Nxd5 Bxd5 17. exd5 e4 18. Nc4 Qc5 19. Be2 Nxd5 20. Qd4 Qxd4
21. Rxd4 b5 22. Ne3 Nf4 23. Rxd8+ Rxd8 24. Kf1 Bc5 25. Re1 1/2-1/2

[Event "V C.to Italiano U20"]
[Site "Laveno-Mombello ITA"]
[Date "1997.07.23"]
[Round "5"]
[White "Goi, Veronika"]
[Black "Pavanello, Diego"]
[Result "1-0"]
[WhiteElo "1624"]
[BlackElo "1600"]
[PlyCount "95"]
[EventDate "1997.07.19"]

1. e4 c6 2. d4 d5 3. e5 Bf5 4. Bd3 Bxd3 5. Qxd3 e6 6. Ne2 Ne7 7. c3 Nd7 8. Ng3
Qb6 9. b4 Ng6 10. O-O Be7 11. Be3 O-O 12. Nd2 f6 13. f4 fxe5 14. fxe5 Rxf1+ 15.
Rxf1 Rf8 16. Nf3 Qd8 17. a4 Nh4 18. Qe2 Nxf3+ 19. gxf3 Nb6 20. a5 Nc4 21. Bc1
Qe8 22. Qg2 Qg6 23. Kh1 Qd3 24. Nh5 g6 25. Nf4 Qf5 26. Rg1 Kh8 27. Rf1 g5 28.
Nh5 g4 29. Nf4 gxf3 30. Rxf3 Rg8 31. Qf1 Qf7 32. Nxd5 Qe8 33. Nxe7 Qxe7 34.
Qxc4 Qg7 35. Qf1 Qg4 36. Bf4 h5 37. Rg3 Qf5 38. Rxg8+ Kxg8 39. Kg1 Kf7 40. Bd2
Kg6 41. Qxf5+ Kxf5 42. Kg2 a6 43. Kf3 Kg6 44. h4 Kf5 45. Bg5 Kg6 46. Ke4 Kf7
47. c4 Ke8 48. d5 1-0

[Event "V C.to Italiano U20"]
[Site "Laveno-Mombello ITA"]
[Date "1997.07.23"]
[Round "5"]
[White "Perrone, Giorgio"]
[Black "Cacco, Christian"]
[Result "0-1"]
[WhiteElo "1609"]
[BlackElo "2175"]
[PlyCount "74"]
[EventDate "1997.07.19"]

1. g3 d5 2. d4 Nf6 3. Nc3 c5 4. Nf3 Nc6 5. Bg2 Bf5 6. O-O e6 7. e3 h6 8. b3 Be7
9. Ne2 O-O 10. dxc5 Bxc5 11. Bb2 Rc8 12. a3 Qe7 13. Nfd4 Bh7 14. b4 Bb6 15. Rc1
Ne5 16. Nb3 Nc4 17. Bxf6 Qxf6 18. Nc5 Bxc5 19. bxc5 Rxc5 20. Rb1 b6 21. Rb3 Na5
22. Rb4 Bxc2 23. Qd4 Qxd4 24. Nxd4 Nc6 25. Nxc2 Rxc2 26. Rbb1 Rc8 27. Rfc1 Ne5
28. Rxc2 Rxc2 29. Bf1 Kf8 30. a4 Ra2 31. Bb5 Ke7 32. Rc1 Kd8 33. Rd1 f5 34. h3
Nf3+ 35. Kg2 Nd2 36. Rc1 Ne4 37. Rc6 Nc5 0-1

[Event "V C.to Italiano U20"]
[Site "Laveno-Mombello ITA"]
[Date "1997.07.23"]
[Round "5"]
[White "Puliafito, Alberto"]
[Black "Barbiso, Tiziana"]
[Result "1/2-1/2"]
[WhiteElo "1531"]
[BlackElo "1717"]
[PlyCount "57"]
[EventDate "1997.07.19"]

1. d4 d6 2. c4 e5 3. Nc3 c6 4. d5 c5 5. e4 f5 6. exf5 Bxf5 7. Nge2 Nf6 8. Ng3
Bc8 9. Bd3 Be7 10. O-O O-O 11. Nce2 Qe8 12. f4 Nbd7 13. f5 a6 14. Nc3 Rb8 15.
Be2 Bd8 16. h4 Ba5 17. Nce4 Nxe4 18. Nxe4 Qe7 19. Bg5 Nf6 20. Bh5 Bd8 21. Nxf6+
Rxf6 22. Bxf6 Qxf6 23. g3 b5 24. b3 Ba5 25. Rb1 Bc3 26. Qe2 Bd7 27. a3 a5 28.
a4 b4 29. Kg2 1/2-1/2

[Event "V C.to Italiano U20"]
[Site "Laveno-Mombello ITA"]
[Date "1997.07.23"]
[Round "5"]
[White "Punteri, Marco"]
[Black "De Bortoli, Peter"]
[Result "1-0"]
[WhiteElo "1798"]
[BlackElo "2085"]
[PlyCount "54"]
[EventDate "1997.07.19"]

1. d4 Nf6 2. c4 e6 3. Nc3 Bb4 4. e3 c5 5. a3 Bxc3+ 6. bxc3 d6 7. Bd3 e5 8. f3
Qe7 9. e4 O-O 10. Ne2 b6 11. O-O Nc6 12. d5 Na5 13. Bg5 Ba6 14. Ng3 Bxc4 15.
Nh5 h6 16. Nxf6+ Kh8 17. f4 exf4 18. Bh4 Rfc8 19. Bxc4 Nxc4 20. Qh5 Rc7 21. Qf5
g6 22. Qxf4 Qf8 23. Ng4 Kh7 24. Rf3 h5 25. Nf6+ Kh8 26. Nxh5 Ne5 27. Bf6+ Kg8
1-0

[Event "V C.to Italiano U20"]
[Site "Laveno-Mombello ITA"]
[Date "1997.07.23"]
[Round "5"]
[White "Riccio, Eros"]
[Black "Arnetta, Marianna"]
[Result "1-0"]
[WhiteElo "1735"]
[BlackElo "1642"]
[PlyCount "53"]
[EventDate "1997.07.19"]

1. e4 e6 2. d3 d5 3. Nd2 Nf6 4. g3 b6 5. Bg2 Bb7 6. Qe2 Be7 7. e5 Nfd7 8. f4 c5
9. Ngf3 Nc6 10. a3 h5 11. h4 Qc7 12. O-O O-O 13. Ng5 Bxg5 14. hxg5 g6 15. Nf3
Ne7 16. g4 Kg7 17. gxh5 gxh5 18. Nh4 Rh8 19. f5 exf5 20. Nxf5+ Nxf5 21. Rxf5
Rae8 22. Bf4 Re6 23. Bh3 c4 24. d4 Qd8 25. Rf1 Qg8 26. Bd2 Re7 27. Bb4 1-0

[Event "V C.to Italiano U20"]
[Site "Laveno-Mombello ITA"]
[Date "1997.07.23"]
[Round "5"]
[White "Scagliarini, Valentina"]
[Black "Gandolfi, Valerio"]
[Result "1/2-1/2"]
[WhiteElo "1642"]
[BlackElo "1525"]
[PlyCount "60"]
[EventDate "1997.07.19"]

1. e4 e5 2. Nf3 Nc6 3. Bb5 d6 4. d4 Bd7 5. O-O exd4 6. Nxd4 g6 7. Re1 Bg7 8.
Be3 Nf6 9. f3 O-O 10. Nc3 Re8 11. Qd2 Ne5 12. b3 Bxb5 13. Ndxb5 a6 14. Nd4 d5
15. exd5 Nxd5 16. Nxd5 Qxd5 17. Rad1 Rad8 18. c4 Qd6 19. Nc2 Qxd2 20. Rxd2 Nc6
21. Red1 Bf6 22. Bf4 Rxd2 23. Rxd2 Be5 24. Re2 Kf8 25. Bh6+ Kg8 26. f4 Nd4 27.
Nxd4 Bxd4+ 28. Kf1 Rxe2 29. Kxe2 f5 30. Bg5 Kf7 1/2-1/2

[Event "V C.to Italiano U20"]
[Site "Laveno-Mombello ITA"]
[Date "1997.07.23"]
[Round "5"]
[White "Sgnaolin, Davide"]
[Black "Bottino, Alexiei"]
[Result "1-0"]
[WhiteElo "2055"]
[BlackElo "1714"]
[PlyCount "47"]
[EventDate "1997.07.19"]

1. e4 d6 2. d4 Nf6 3. Nc3 e5 4. Nf3 Nbd7 5. dxe5 dxe5 6. Bc4 Bc5 7. O-O O-O 8.
Qe2 c6 9. a4 a5 10. Kh1 h6 11. Nh4 Re8 12. Nf5 Bf8 13. Rd1 Qc7 14. Qf3 Nb6 15.
Bb3 Bxf5 16. Qxf5 Qe7 17. Be3 Nbd7 18. Rd2 Nc5 19. Bc4 Rad8 20. Rad1 Rxd2 21.
Rxd2 g6 22. Qxg6+ Kh8 23. Bxf7 Rd8 24. Bxc5 1-0

[Event "V C.to Italiano U20"]
[Site "Laveno-Mombello ITA"]
[Date "1997.07.23"]
[Round "5"]
[White "Trentini, Danilo"]
[Black "Lapiccirella, Mattia"]
[Result "0-1"]
[WhiteElo "1831"]
[BlackElo "1930"]
[PlyCount "96"]
[EventDate "1997.07.19"]

1. d4 Nf6 2. Nf3 g6 3. c4 Bg7 4. Nc3 O-O 5. e4 d6 6. Be2 e5 7. O-O Nc6 8. d5
Ne7 9. Ne1 Nd7 10. f3 f5 11. Nd3 Nf6 12. c5 f4 13. g4 fxg3 14. hxg3 h5 15. cxd6
cxd6 16. Be3 Kh7 17. Qc1 Bd7 18. a4 Neg8 19. a5 Bh6 20. a6 b6 21. Nb4 Qe8 22.
Bxh6 Nxh6 23. Rf2 Rc8 24. Qf1 Rc5 25. Bd1 Qc8 26. Ba4 b5 27. Bxb5 Bxb5 28. Nxb5
Qb8 29. Nxa7 Qxa7 30. Nc6 Rxc6 31. dxc6 Nxe4 32. Kg2 Ng4 33. Re2 Ne3+ 34. Rxe3
Qxe3 35. a7 Qd2+ 36. Kg1 Ng5 37. f4 Qe3+ 38. Kh1 Ne4 39. Qg1 Nxg3+ 40. Kh2 Qe4
41. Kxg3 exf4+ 42. Kh2 f3 43. Qe1 Qf4+ 44. Kh1 f2 45. Qf1 Qe4+ 46. Qg2 f1=Q+
47. Rxf1 Rxf1+ 48. Kh2 Qh4+ 0-1

[Event "V C.to Italiano U20"]
[Site "Laveno-Mombello ITA"]
[Date "1997.07.23"]
[Round "5"]
[White "Vismara, Daniele"]
[Black "Pagnoncelli, Marco"]
[Result "1-0"]
[WhiteElo "2235"]
[BlackElo "2090"]
[PlyCount "91"]
[EventDate "1997.07.19"]

1. e4 c5 2. c3 d5 3. exd5 Qxd5 4. d4 Nf6 5. Nf3 Bg4 6. Be2 e6 7. O-O Nc6 8. Be3
cxd4 9. Nxd4 Bxe2 10. Qxe2 a6 11. Rd1 Be7 12. c4 Nxd4 13. Bxd4 Qh5 14. Qxh5
Nxh5 15. Nc3 Rc8 16. b3 Bf6 17. Ne4 O-O 18. Nxf6+ Nxf6 19. a4 Rfd8 20. f3 Rc7
21. Bxf6 Rxd1+ 22. Rxd1 gxf6 23. Kf2 Kg7 24. Ke3 f5 25. f4 Kg6 26. Rd8 f6 27.
a5 e5 28. Rd5 Re7 29. fxe5 fxe5 30. b4 Kf7 31. c5 Kf6 32. Rd6+ Re6 33. Rb6 e4
34. g3 Ke5 35. Rxb7 Rh6 36. h4 Rg6 37. Kf2 h5 38. Rb6 Rg8 39. Rxa6 Kd4 40. Rd6+
Kc4 41. Rf6 Kxb4 42. Rxf5 Kxa5 43. Rxh5 Re8 44. Ke3 Kb5 45. Rg5 Kc6 46. h5 1-0

[Event "V C.to Italiano U20"]
[Site "Laveno-Mombello ITA"]
[Date "1997.07.24"]
[Round "6"]
[White "Aldrovandi, Costantino"]
[Black "Vismara, Daniele"]
[Result "1-0"]
[WhiteElo "2250"]
[BlackElo "2235"]
[PlyCount "84"]
[EventDate "1997.07.19"]

1. d4 d5 2. Nf3 c6 3. c3 Nf6 4. Bf4 Bf5 5. Qb3 Qb6 6. h3 Nbd7 7. e3 e6 8. Nbd2
h6 9. Be2 Be7 10. O-O O-O 11. Rfc1 Ne4 12. Nxe4 Bxe4 13. Nd2 Bf5 14. c4 Rfe8
15. Bg3 Bf6 16. Bf3 Rad8 17. cxd5 exd5 18. Bd6 Re6 19. Bb4 Rde8 20. Nf1 Bh4 21.
Be1 Rg6 22. Qxb6 axb6 23. Kh1 Ra8 24. a4 Re6 25. b4 Bd3 26. Nd2 Ree8 27. Bd1
Rxe3 28. fxe3 Bxe1 29. Ra2 b5 30. a5 Nf6 31. Be2 Bxd2 32. Rxd2 Bxe2 33. Rxe2
Ne4 34. Kg1 g6 35. Ra2 Ra6 36. Kh2 Nd6 37. Kg3 f5 38. Kf4 Kg7 39. Ke5 Nc4+ 40.
Ke6 Nxe3 41. Kd7 Nc4 42. Kc7 b6 1-0

[Event "V C.to Italiano U20"]
[Site "Laveno-Mombello ITA"]
[Date "1997.07.24"]
[Round "6"]
[White "Aranovitch, Emiliano"]
[Black "Pagnoncelli, Marco"]
[Result "1-0"]
[WhiteElo "2120"]
[BlackElo "2090"]
[PlyCount "85"]
[EventDate "1997.07.19"]

1. e4 c5 2. Nf3 d6 3. d4 cxd4 4. Nxd4 Nf6 5. Nc3 g6 6. Be3 Bg7 7. f3 Nc6 8. g4
Qb6 9. Ncb5 Qa5+ 10. c3 O-O 11. h4 a6 12. Nb3 Qd8 13. N5d4 e5 14. Ne2 Be6 15.
Ng3 d5 16. g5 Nh5 17. Nxh5 gxh5 18. exd5 Bxd5 19. Bd3 Re8 20. Nc5 e4 21. Bxe4
b6 22. Qxd5 Qxd5 23. Bxd5 Rxe3+ 24. Kf2 Rae8 25. Ne4 R3xe4 26. Bxe4 Ne5 27.
Rad1 Bf8 28. Bd5 Bc5+ 29. Kg3 Ng6 30. Rhe1 Bd6+ 31. Kf2 Rd8 32. Re4 Kg7 33. Bb3
Bc5+ 34. Kg2 Rf8 35. Rd7 a5 36. a4 Nh8 37. f4 h6 38. f5 hxg5 39. hxg5 Rg8 40.
g6 Kf6 41. Bxf7 Rg7 42. Be6 Rxd7 43. Bxd7 1-0

[Event "V C.to Italiano U20"]
[Site "Laveno-Mombello ITA"]
[Date "1997.07.24"]
[Round "6"]
[White "Arnetta, Marianna"]
[Black "Noseda, Francesco"]
[Result "1/2-1/2"]
[WhiteElo "1642"]
[BlackElo "1636"]
[PlyCount "58"]
[EventDate "1997.07.19"]

1. Nf3 Nf6 2. g3 d5 3. Bg2 Bg4 4. d3 c6 5. Nbd2 Nbd7 6. O-O e5 7. e4 dxe4 8.
Nxe4 Nxe4 9. dxe4 Qc7 10. Qe2 Be7 11. b3 O-O 12. Bb2 Rfd8 13. Qe3 f6 14. h3 Bh5
15. g4 Bf7 16. g5 Bc5 17. Qc1 Nf8 18. gxf6 gxf6 19. Nh4 Bg6 20. Kh1 Ne6 21.
Nxg6 hxg6 22. Qh6 Qh7 23. Qxh7+ Kxh7 24. Rad1 Kg7 25. f3 Kf7 26. Kh2 Ke7 27.
Rfe1 Nf4 28. Bf1 Rxd1 29. Rxd1 Rh8 1/2-1/2

[Event "V C.to Italiano U20"]
[Site "Laveno-Mombello ITA"]
[Date "1997.07.24"]
[Round "6"]
[White "Barbiso, Tiziana"]
[Black "Genocchio, Daniele"]
[Result "0-1"]
[WhiteElo "1717"]
[BlackElo "2215"]
[PlyCount "34"]
[EventDate "1997.07.19"]

1. e4 c5 2. c3 d5 3. d3 Nc6 4. g3 Nf6 5. Nd2 Bg4 6. Ngf3 dxe4 7. dxe4 Nxe4 8.
Be2 Nxd2 9. Bxd2 e6 10. Qa4 Bf5 11. Bb5 Qd5 12. Bxc6+ bxc6 13. Qf4 Bd6 14. c4
Bxf4 15. cxd5 Bxd2+ 16. Nxd2 cxd5 17. Rc1 c4 0-1

[Event "V C.to Italiano U20"]
[Site "Laveno-Mombello ITA"]
[Date "1997.07.24"]
[Round "6"]
[White "Bottino, Alexiei"]
[Black "Perrone, Giorgio"]
[Result "1/2-1/2"]
[WhiteElo "1714"]
[BlackElo "1609"]
[PlyCount "62"]
[EventDate "1997.07.19"]

1. e4 e5 2. f4 exf4 3. Nf3 g5 4. h4 g4 5. Ne5 Nf6 6. Bc4 d5 7. exd5 Bd6 8. O-O
Bxe5 9. Re1 Qe7 10. c3 f3 11. d4 Ne4 12. Rxe4 Bh2+ 13. Kxh2 Qxe4 14. g3 O-O 15.
Bf4 c6 16. Bd3 Qxd5 17. Qc2 f5 18. Nd2 b5 19. Re1 Qf7 20. Re5 Be6 21. Ne4 Bc4
22. Bxc4 Qxc4 23. Nd6 Qf1 24. Re7 c5 25. Be5 Nc6 26. Nxf5 Rf6 27. Bxf6 Nxe7 28.
Nh6+ Kf8 29. Bxe7+ Ke8 30. Bg5 Qh3+ 31. Kg1 Qxg3+ 1/2-1/2

[Event "V C.to Italiano U20"]
[Site "Laveno-Mombello ITA"]
[Date "1997.07.24"]
[Round "6"]
[White "Cacco, Christian"]
[Black "Puliafito, Alberto"]
[Result "1-0"]
[WhiteElo "2175"]
[BlackElo "1531"]
[PlyCount "23"]
[EventDate "1997.07.19"]

1. d4 d5 2. Nf3 c6 3. e3 Nf6 4. c4 e6 5. Nc3 Nbd7 6. Bd2 c5 7. Rc1 cxd4 8. Nxd4
Nb6 9. cxd5 exd5 10. Ncb5 Bd6 11. Nxd6+ Qxd6 12. Nb5 1-0

[Event "V C.to Italiano U20"]
[Site "Laveno-Mombello ITA"]
[Date "1997.07.24"]
[Round "6"]
[White "De Bortoli, Peter"]
[Black "Drabke, Lorenz Maximilian"]
[Result "1-0"]
[WhiteElo "2085"]
[BlackElo "1681"]
[PlyCount "35"]
[EventDate "1997.07.19"]

1. e4 c5 2. Nf3 d6 3. d4 cxd4 4. Nxd4 Nf6 5. Nc3 a6 6. Bc4 e6 7. O-O b5 8. Bb3
b4 9. Na4 Nxe4 10. f4 Bb7 11. Be3 Nd7 12. f5 e5 13. Ne6 fxe6 14. Qh5+ Ke7 15.
fxe6 g6 16. Rf7+ Ke8 17. exd7+ Qxd7 18. Rxd7 1-0

[Event "V C.to Italiano U20"]
[Site "Laveno-Mombello ITA"]
[Date "1997.07.24"]
[Round "6"]
[White "Delfino, Luigi"]
[Black "Trentini, Danilo"]
[Result "0-1"]
[WhiteElo "1717"]
[BlackElo "1831"]
[PlyCount "28"]
[EventDate "1997.07.19"]

1. e4 c6 2. d4 d5 3. Nd2 dxe4 4. Nxe4 Nd7 5. Ng5 Ngf6 6. Bc4 e6 7. Qe2 Nb6 8.
Bb3 a5 9. a3 c5 10. dxc5 Bxc5 11. Qb5+ Nbd7 12. Ne2 h6 13. Nf3 b6 14. Bf4 Ba6
0-1

[Event "V C.to Italiano U20"]
[Site "Laveno-Mombello ITA"]
[Date "1997.07.24"]
[Round "6"]
[White "Lapiccirella, Mattia"]
[Black "Coratella, Giuseppe"]
[Result "0-1"]
[WhiteElo "1930"]
[BlackElo "1726"]
[PlyCount "97"]
[EventDate "1997.07.19"]

1. d4 Nf6 2. Nf3 g6 3. c4 Bg7 4. Nc3 d6 5. e4 O-O 6. Be2 e5 7. d5 Nbd7 8. O-O
a5 9. Ne1 Ne8 10. Be3 f5 11. exf5 gxf5 12. f4 Qe7 13. Qd2 Ndf6 14. Nc2 Bd7 15.
Rae1 Kh8 16. Kh1 Ng8 17. Bf3 Bf6 18. c5 e4 19. cxd6 Nxd6 20. Be2 b6 21. Nd4 Nh6
22. Nc6 Qg7 23. Ne5 Be8 24. Rc1 Rd8 25. a4 Nhf7 26. Nxf7+ Bxf7 27. Rfd1 Rfe8
28. Qe1 Re7 29. Qg1 Bg8 30. Rc2 h6 31. Rcd2 Kh7 32. Qf2 Bf7 33. Rc1 Bg8 34. Bf1
Bf7 35. Ne2 Bxb2 36. Rcc2 Bf6 37. Ng3 Be8 38. Bb5 Bxb5 39. axb5 Qg6 40. Qe2
Rdd7 41. Rc6 Bg7 42. Rdc2 Qf7 43. Nh5 Qxd5 44. Rxc7 Qxb5 45. Rxd7 Rxd7 46. Nxg7
Kxg7 47. Qxb5 Nxb5 48. Bxb6 Rd1+ 49. Bg1 0-1

[Event "V C.to Italiano U20"]
[Site "Laveno-Mombello ITA"]
[Date "1997.07.24"]
[Round "6"]
[White "Pavanello, Diego"]
[Black "Gandolfi, Valerio"]
[Result "1-0"]
[WhiteElo "1600"]
[BlackElo "1525"]
[PlyCount "94"]
[EventDate "1997.07.19"]

1. e4 e5 2. Nf3 Nc6 3. Nc3 Nf6 4. Bb5 d6 5. d4 exd4 6. Nxd4 Bd7 7. O-O g6 8.
Bg5 Bg7 9. Re1 O-O 10. Nd5 h6 11. Nxf6+ Bxf6 12. Bxc6 Bxg5 13. Bxb7 Rb8 14. Bd5
Rxb2 15. Bb3 Bf6 16. Qd2 c5 17. Ne2 Bb5 18. a4 Bxe2 19. Qxe2 Rxb3 20. cxb3 Bxa1
21. Rxa1 Qb6 22. Qd3 Re8 23. Kf1 Qc6 24. Rd1 Re6 25. f3 Qb7 26. Qd5 Qxd5 27.
Rxd5 a6 28. Ke2 Kf8 29. Kd3 Ke7 30. Kc4 f6 31. b4 cxb4 32. Kxb4 Kd7 33. Ka5 Kc6
34. Kxa6 Re8 35. Ka5 Ra8+ 36. Kb4 Rb8+ 37. Rb5 Ra8 38. a5 Kc7 39. Kc4 Kc6 40.
Rb6+ Kc7 41. Kb5 Kc8 42. Rxd6 Rb8+ 43. Rb6 Ra8 44. Rxf6 Ra7 45. Rf8+ Kb7 46.
Rf7+ Kb8 47. Rxa7 Kxa7 1-0

[Event "V C.to Italiano U20"]
[Site "Laveno-Mombello ITA"]
[Date "1997.07.24"]
[Round "6"]
[White "Punteri, Marco"]
[Black "Riccio, Eros"]
[Result "1-0"]
[WhiteElo "1798"]
[BlackElo "1735"]
[PlyCount "74"]
[EventDate "1997.07.19"]

1. d4 Nf6 2. c4 e6 3. Nc3 d5 4. cxd5 exd5 5. Bg5 Be7 6. e3 O-O 7. Bd3 c6 8. Qc2
h6 9. Bh4 Be6 10. Nge2 Nh5 11. Bxe7 Qxe7 12. O-O Nd7 13. Rae1 Rfe8 14. f3 Nb6
15. b3 Rad8 16. a4 Qd6 17. Nc1 Bc8 18. Qf2 g6 19. Bb1 Re7 20. Kh1 Rde8 21. g4
Nf6 22. Rg1 Nh7 23. Nd3 Nf8 24. Ne5 Nbd7 25. f4 Nxe5 26. fxe5 Qb4 27. Ne2 Qxb3
28. Nf4 Qb6 29. Nh5 Nh7 30. Nf6+ Nxf6 31. exf6 Re6 32. Bxg6 Qd8 33. Ref1 Rf8
34. Bb1 c5 35. Qf5 Re4 36. Qh5 Kh7 37. Bxe4+ dxe4 1-0

[Event "V C.to Italiano U20"]
[Site "Laveno-Mombello ITA"]
[Date "1997.07.24"]
[Round "6"]
[White "Scagliarini, Valentina"]
[Black "Goi, Veronika"]
[Result "1/2-1/2"]
[WhiteElo "1642"]
[BlackElo "1624"]
[PlyCount "111"]
[EventDate "1997.07.19"]

1. e4 e6 2. d4 d5 3. exd5 exd5 4. Bd3 Nf6 5. c3 Be6 6. Nf3 h6 7. Qc2 Nbd7 8. h3
Bd6 9. Be3 c5 10. dxc5 Bxc5 11. Nd4 Qe7 12. Qe2 O-O 13. Nd2 Ne5 14. O-O-O Nxd3+
15. Qxd3 Bd7 16. Rde1 Qd6 17. g4 Rfe8 18. f3 Bxd4 19. Qxd4 Rac8 20. h4 Nh7 21.
Rhf1 Re6 22. f4 Rce8 23. g5 hxg5 24. hxg5 Rg6 25. Nf3 Re4 26. Qd2 Rge6 27. Rh1
Re8 28. Qh2 Bf5 29. Nd4 Bg6 30. Qh3 Rxe3 31. Rxe3 Qxf4 32. Kd2 Qxg5 33. Rhe1
Nf6 34. Kd1 Bh5+ 35. Kc1 Ng4 36. Rh1 Qxe3+ 37. Qxe3 Rxe3 38. Rxh5 Nf6 39. Rg5
Rh3 40. Nf5 Rh1+ 41. Kc2 Rh7 42. Ne7+ Kf8 43. Nxd5 Nxd5 44. Rxd5 Ke8 45. Kd3
Rh2 46. Re5+ Kd7 47. Rf5 f6 48. Rb5 Kc6 49. a4 a6 50. Rb4 b6 51. b3 Rh3+ 52.
Kd2 Rf3 53. Rc4+ Kd7 54. Rd4+ Kc7 55. Rc4+ Kd7 56. Rd4+ 1/2-1/2